| 000 | 00689nam a2200217Ia 4500 | ||
|---|---|---|---|
| 999 |
_c36091 _d36091 |
||
| 001 | 1991 | ||
| 003 | GE_BSU | ||
| 005 | 20190423121447.0 | ||
| 008 | 181216s2007||||ru |||||||||||||| ||rus|| | ||
| 020 | _a522210267Х | ||
| 040 | _cGE_BSU | ||
| 080 | _a349.2(075.8) С-50 | ||
| 100 |
_aСмоленский, М. Б. _9391 |
||
| 245 |
_aТрудовое право / _bДля студ. высш.уч. завед. |
||
| 250 | _aИзд. 2-е, испр. и доп. | ||
| 264 |
_aРостов на Дону : _bФеникс, _c2007. |
||
| 300 |
_a187 стр.; _b20 см. |
||
| 653 | _aსამართალი | ||
| 653 | _aშრომის სამართალი | ||
| 942 |
_cBK _2udc |
||